000 00324nam a2200145Ia 4500
100 _aKuchhal/S.C
250 _a2
942 _cBK
654 _acorporation
245 _aCorporation finance:Principles and problems
260 _bChaitanya
_aAllahabad
_c1958
082 _a657.48
_bKUC
300 _a525
546 _aENGLISH
999 _c20508
_d20508